=LDR 00000nam 2200000 4500 =001 INLIS000000000019825 =005 20130612114838 =008 ***********************************Ind** =035 ##$$a0010-061300000019825 =041 ##$$a Ind =082 ##$$a 657 =090 ##$$a 657, Sti i =100 ##$$a Stice, Earlk =245 ##$$a Intermediate accounting (akuntansi intermediate), Earl K. Stice ; editor, Barlet Nicodemuts =260 ##$$a 2004 $b Jakarta =300 ##$$a ...jil, 26 cm =650 ##$$a Akuntansi =850 ##$$a NBPNMAT =990 ##$$a 90527/BPAP-NTB/2014 =990 ##$$a 21400296/BPAP-NTB/2014